Statistics for Bang Bang (Nancy Sinatra) - Lyrics Quiz

Click here to take the quiz!

General Stats

  • This quiz has been taken 77 times
  • The average score is 131 of 164

Answer Stats

Lyrics% Correct
Bang
97%
bang,
97%
he
97%
He
97%
I
97%
the
95%
We
95%
we
95%
And
94%
and
94%
down"
94%
down
94%
me
94%
shot
94%
was
94%
my
92%
baby
91%
ground
89%
hit
89%
when
89%
When
89%
six
84%
that
84%
five,
83%
sound
83%
awful
81%
you
81%
to
80%
win
78%
made
77%
of
77%
always
75%
play?"
75%
would
75%
black
73%
sticks
73%
white
73%
fight
72%
wore
72%
say:
69%
say
69%
horses
67%
used
66%
"Remember
63%
shoot
63%
why
61%
him
59%
on
59%
rode
59%
played,
58%
don't
56%
Just
56%
laugh
55%
mine
55%
called
53%
for
53%
know
53%
Now
53%
time
53%
came
52%
up
52%
cry
48%
gone,
48%
rang
48%
this
48%
bells
47%
changed
47%
church
47%
didn't
47%
grew
47%
he's
47%
Seasons
47%
day
45%
Music
45%
people
45%
sang,
44%
sometimes
44%
‘til
44%
even
42%
"Goodbye"
42%
lie
41%
take
41%

Score Distribution

Percentile by Number Answered

Percent of People with Each Score

Your Score History

You have not taken this quiz